Deuxième colloque de géometrie differentielle : (Record no. 51348)
[ view plain ]
| 000 -LEADER | |
|---|---|
| fixed length control field | 00896nam a2200241 a 4500 |
| 001 - CONTROL NUMBER | |
| control field | 51348 |
| 003 - CONTROL NUMBER IDENTIFIER | |
| rucl marc code | BD-RjUL |
| 005 - DATE AND TIME OF LATEST TRANSACTION | |
| control field | 20211209075639.0 |
| 008 - FIXED-LENGTH DATA ELEMENTS--GENERAL INFORMATION | |
| fixed length control field | 160830s1962 be b 100 0 fre d |
| 035 ## - SYSTEM CONTROL NUMBER | |
| System control number | (BD-RjUL)51468 |
| 040 ## - CATALOGING SOURCE | |
| Original cataloging agency | BD-RjUL |
| Language of cataloging | eng |
| Transcribing agency | BD-RjUL |
| Modifying agency | BD-RjUL |
| 041 ## - LANGUAGE CODE | |
| Language code of text/sound track or separate title | eng |
| 082 ## - DEWEY DECIMAL CLASSIFICATION NUMBER | |
| Edition number | 23 |
| Classification number | 513.7 |
| Author mark and year | DEU 1962 |
| 111 2# - MAIN ENTRY--MEETING NAME | |
| Meeting name or jurisdiction name as entry element | Colloque de Géométrie différentielle |
| Date of meeting | (1961 : |
| Location of meeting | Liège) |
| 9 (RLIN) | 153581 |
| 245 10 - TITLE STATEMENT | |
| Title | Deuxième colloque de géometrie differentielle : |
| Remainder of title | tenu à Liège les 19, 20 et 21 Décembre 1961 / |
| Statement of responsibility, etc. | Centre Belge de Recherches Mathématiques |
| 260 ## - PUBLICATION, DISTRIBUTION, ETC. (IMPRINT) | |
| Place of publication, distribution, etc. | Louvain : |
| Name of publisher, distributor, etc. | Librairie universitaire ; |
| Place of publication, distribution, etc. | Paris : |
| Name of publisher, distributor, etc. | Gauthier-Villars, |
| Date of publication, distribution, etc. | 1962 |
| 300 ## - PHYSICAL DESCRIPTION | |
| Pagination | 159 p. ; |
| Size | 25 cm. |
| 650 #0 - SUBJECT ADDED ENTRY--TOPICAL TERM | |
| Topical term or geographic name as entry element | Geometry, Differential |
| Form subdivision | Congresses |
| 9 (RLIN) | 151570 |
| Topical term or geographic name as entry element | Sphere |
| General subdivision | Congresses |
| 9 (RLIN) | 151571 |
| 710 2# - ADDED ENTRY--CORPORATE NAME | |
| Corporate name or jurisdiction name as entry element | Centre Belge de Recherches Mathématiques. |
| 9 (RLIN) | 153582 |
| 942 ## - ADDED ENTRY ELEMENTS (KOHA) | |
| Source of classification or shelving scheme | Dewey Decimal Classification |
| Koha item type | Books |
| Lost status | Source of classification or shelving scheme | Damaged status | Not for loan | Collection code | Permanent Location | Current Location | Shelving location | Date acquired | Source of acquisition | Cost, normal purchase price | Total Checkouts | Full call number | Date last seen | Copy number | Koha item type |
|---|---|---|---|---|---|---|---|---|---|---|---|---|---|---|---|
| Dewey Decimal Classification | Non-fiction | Central Library, University of Rajshahi | Central Library, University of Rajshahi | 16/04/1965 | Zeitlinger | 204.00 | 513.7 DEU 1962 | 30/08/2016 | C-2 | Books |